Farm structures in tropical climates
সংরক্ষণ করুন:
| প্রধান লেখক: | |
|---|---|
| বিন্যাস: | গ্রন্থ |
| ভাষা: | Undetermined |
| প্রকাশিত: |
Rome
PAO ( Food and agriculture organization of the United Nations
1988
|
| বিষয়গুলি: | |
| ট্যাগগুলো: |
ট্যাগ যুক্ত করুন
কোনো ট্যাগ নেই, প্রথমজন হিসাবে ট্যাগ করুন!
|
| Thư viện lưu trữ: | Trung tâm Học liệu Trường Đại học Cần Thơ |
|---|
| LEADER | 00556nam a2200181Ia 4500 | ||
|---|---|---|---|
| 001 | CTU_125788 | ||
| 008 | 210402s9999 xx 000 0 und d | ||
| 082 | |a 631.2 | ||
| 082 | |b B466 | ||
| 100 | |a Bengtsson, Lennart | ||
| 245 | 0 | |a Farm structures in tropical climates | |
| 245 | 0 | |c Lennart Bengtsson, Jemes H. Whitaker | |
| 260 | |a Rome | ||
| 260 | |b PAO ( Food and agriculture organization of the United Nations | ||
| 260 | |c 1988 | ||
| 650 | |a Farm buildings,Farmhouses | ||
| 904 | |i Hiếu | ||
| 980 | |a Trung tâm Học liệu Trường Đại học Cần Thơ | ||